| 000 | 01811cam a2200409 i 4500 | ||
|---|---|---|---|
| 001 | xx002599700 | ||
| 003 | NUKAT | ||
| 005 | 20260424144119.0 | ||
| 008 | 120917s1888 gw |001 0 ger c | ||
| 035 | _a(OCoLC)812736725 | ||
| 035 | _a(NUKAT)xx002599700 | ||
| 040 |
_aTOR U/GS _bpol _erda _cTOR U/GS _dTOR U/GS _dTOR U/JSzs _dOLSZT 008/LL |
||
| 099 | _ahh_1039408 | ||
| 100 | 1 |
_aJanssen, Johannes _d(1829-1891). _eAutor _940327 |
|
| 245 | 1 | 0 |
_aCulturzustände des deutschen Volkes : _bseit dem Ausgabe des Mittelalters bis zum Beginn des dreissigjährigen Krieges : erstes und zweites Buch / _cvon Johannes Janssen. |
| 250 | _aErste bis zwölfte Auflage. | ||
| 260 |
_aFreiburg im Breisgau : _bHerder'sche Verlagshandlung, _c1888. |
||
| 300 |
_aXXXI, [1], 522 strony ; _c23 cm. |
||
| 336 |
_aTekst _btxt _2rdacontent |
||
| 337 |
_aBez urządzenia pośredniczącego _bn _2rdamedia |
||
| 338 |
_aWolumin _bnc _2rdacarrier |
||
| 380 | _aKsiążki | ||
| 380 | _aPublikacje naukowe | ||
| 490 | 1 |
_aGeschichte des deutschen Volkes seit dem Ausgang des Mittelalters / Johannes Janssen ; _vBd. 6 |
|
| 504 | _aBibliografia na stronach XV-XXXI. Indeks. | ||
| 530 | _aDostępne również w formie elektronicznej. | ||
| 650 | 7 |
_aReformacja _2DBN _935694 |
|
| 650 | 7 |
_aLiteratura niemiecka _y1500-1700 _xhistoria i krytyka. _2kaba _931711 |
|
| 650 | 7 |
_aReformacja _zNiemcy. _2kaba _940485 |
|
| 651 | 7 |
_aNiemcy _2DBN _935243 |
|
| 651 | 7 |
_aNiemcy _xcywilizacja _y1500-1800. _2kaba _940484 |
|
| 658 | _aReligia i duchowość | ||
| 710 | 2 |
_aHerdersche Verlagsbuchhandlung. _eWydawca _4pbl _936009 |
|
| 800 | 1 |
_aJanssen, Johannes _d(1829-1891). _tGeschichte des deutschen Volkes seit dem Ausgang des Mittelalters _vBd. 6 _940328 |
|
| 856 | 4 | 1 | _uhttps://www.digitale-sammlungen.de/de/view/bsb11608889?page=,1 |
| 942 |
_2ddc _cBK_NM |
||
| 999 |
_c27751 _d27751 |
||